Responses for Show #2863 - Wednesday, January 29, 1997

Contestants

[<< previous game]

Davia Worthen, a teacher's aide from Lafayette, Indiana

Randy Cohen, a Ph.D. student originally from Philadelphia, Pennsylvania

Bob Combs, an investigator from Athens, Ohio (whose 2-day cash winnings total $22,701)

[next game >>]

Jeopardy! Round responses

CHEMISTRY
FOOD & DRINK
TRAVEL U.S.A.
HISTORY
MOST STRESSFUL JOBS
(Alex: ...according to the Jobs Rated Almanac.)
CHARACTERS IN DISNEY FILMS
    $100 6
the periodic table of elements

Bob
    $100 24
Washington

Bob
    $100 19
Atlantic City

Bob
    $100 10
the Crusades

Bob
    $100 1
fireman

Bob
    $100 7
Cinderella

Davia
    $200 8
sulphur

Randy
    $200 25
(Randy: What is margarine?)

butter

RandyDavia
    $200 20
the London Bridge

Bob
    $200 14
Ponce de León

Bob
    $200 2
football player

Bob
    $200 11
Peter Pan

Bob
    $300 9
organic chemistry

Davia
    $300 26
(Alex: We have less than a minute to go.)

egg foo yung

Triple Stumper
    $300 21
(Bob: What is Li'l Abner's Theme Park?)

Dogpatch USA

Bob
Triple Stumper
    $300 15
Blackbeard

Bob
    $300 3
President of the U.S.

Bob
    $300 12
Pocahontas

Bob
    $400 27
a centrifuge

Randy
    $400 29
bologna

Bob
    $400 22
Baltimore

Bob
    $300 17
(Alex: Cote d'Ivoire.)

France

Davia
    $400 4
astronaut

Triple Stumper
    $400 13
Sleeping Beauty

Davia
    $500 28
an isotope

Davia
    $500 30
Portugal

Davia
    $500 23
John Wayne (as Rooster Cogburn)

Triple Stumper
    $500 18
Portsmouth

Bob
    $500 5
air traffic controllers

Davia
    $500 16
The Lion King

Davia

Scores at the first commercial break (after clue 15):

Bob Randy Davia
$1,800 $200 $1,300

Scores at the end of the Jeopardy! Round:

Bob Randy Davia
$3,200 $400 $3,300

Double Jeopardy! Round responses

17TH C. LIT
(literature)
EUROPEAN CITIES
ANIMALS
HAPPY BIRTHDAY
FAMOUS AMERICANS
THE PLAY'S THE THING
    $200 6
James I

Davia
    $200 1
Paris

Randy
    $200 9
White

Bob
    $200 12
Tom Cruise

Bob
    $200 18
Benjamin Franklin

Davia
    $200 13
"Auntie Mame"

Bob
    $400 7
John Milton

Randy
    $400 2
(B: What is Florence?)

Turin

Bob
Triple Stumper
    $400 27
(B: What are donkeys?)

Ducks

Bob
Triple Stumper
    $400 19
Jimmy Dean

Bob
    $400 20
John Paul Jones

Bob
    $400 14
Mack Sennett

Randy
    $600 8
Izaak Walton

Triple Stumper
    $600 3
Krakow

Bob
    $600 28
Thief

Randy
    $1,000 24
(Alex: You watch The Today Show, obviously, and it pays off.)

Willard Scott

Bob
    $600 21
(B: Who is Harrison?)
(Alex: Which one?)

William Henry Harrison

Bob
    $600 15
Malta

Bob
    $800 10
John Bunyan

Bob
    $800 4
Vaduz

Bob
    $800 29
(R: What are snakes?)

Cats

Randy
Triple Stumper
    $800 25
Queen Elizabeth II

Randy
    $1,000 22
(B: Who is Douglas?)

Oliver Wendell Holmes

Bob
    $800 16
Frank N. Furter

Bob
    $1000 11
"Metamorphoses"

Davia
    $1000 5
Birmingham

Davia
    $1000 30
(R: What are humpbacks?)
(B: What are sperm whales?)

Orcas/Killer Whales

BobRandy
Triple Stumper
    $1000 26
Patrick Duffy

Bob
    $1000 23
William Jennings Bryan

Bob
    $1000 17
"That Championship Season"

Triple Stumper

Scores at the end of the Double Jeopardy! Round:

Bob Randy Davia
$9,000 $1,000 $5,700

[wagering suggestions for these scores]

Final Jeopardy! Round responses

U.S. PRESIDENTS
RandyWho were Ford & Reagan
$500
DaviaWho are Ford & Reagan?
$3,699
BobWho were Bush and Ford
$2,401
(2 of) Eisenhower, Kennedy, Nixon, Ford & Reagan

Final scores:

Bob Randy Davia
$6,599 $1,500 $9,399
2nd place: Towle silver flatware & glass bowl 3rd place: Whirlpool dishwasher & trash compactor New champion: $9,399

Game dynamics:

Coryat scores:

Bob Randy Davia
$9,600 $1,000 $5,800
29 R
(including 1 DD),
5 W
(including 1 DD)
7 R,
3 W
13 R
(including 1 DD),
0 W

Combined Coryat: $16,400

[game clues] [game scores] [suggest correction]

Game tape date: 1996-11-13
The J! Archive is created by fans, for fans. Scraping, republication, monetization, and malicious use prohibited; this site may use cookies and collect identifying information. See terms. The Jeopardy! game show and all elements thereof, including but not limited to copyright and trademark thereto, are the property of Jeopardy Productions, Inc. and are protected under law. This website is not affiliated with, sponsored by, or operated by Jeopardy Productions, Inc. Join the discussion at JBoard.tv.